|
|
|
|
| LEADER |
00000nam a2200000 a 4500 |
| 001 |
vtls010501285 |
| 003 |
SK-MaSNL |
| 005 |
20260311130809.0 |
| 008 |
240314s2012 pl f 001 0 slo |
| 015 |
|
|
|a SNBZSA2013-00837
|
| 020 |
|
|
|a 9788374905510
|q (brož.)
|
| 035 |
|
|
|a E997C8DC-9FFF-47BE-9440-748C176FB07A
|
| 035 |
|
|
|a urn:nbn:sk:snk-amjn4c
|
| 035 |
|
|
|a urn:nbn:sk:snk-am001t26
|
| 040 |
|
|
|a SNK
|b slo
|c SNK
|e AACR2
|
| 041 |
0 |
|
|a slo
|b eng
|
| 044 |
|
|
|a pl
|c PL
|
| 072 |
|
7 |
|a 327
|x Medzinárodné vzťahy, svetová politika
|2 konspekt
|
| 072 |
|
7 |
|a 94(437)
|x Dejiny Česka a Slovenska
|2 konspekt
|
| 080 |
|
|
|a 327
|2 2001
|
| 080 |
|
|
|a 341.76
|2 2001
|
| 080 |
|
|
|a (437)
|2 2001
|
| 080 |
|
|
|a (73)
|2 2001
|
| 080 |
|
|
|a (048.8)
|2 2001
|
| 100 |
1 |
|
|a Petruf, Pavol,
|d 1946-
|4 aut
|9 102871
|
| 245 |
1 |
0 |
|a Vzťahy medzi ČSR a USA 1945-1948
|b tri vybrané kapitoly
|c Pavol Petruf
|
| 250 |
|
|
|a 1. vyd.
|
| 260 |
|
|
|a Krakov
|b Spolok Slovákov v Poľsku
|c 2012
|
| 300 |
|
|
|a 179 s.
|c 21 cm
|
| 504 |
|
|
|a Bibliogr.: s. 172-176 ; reg.
|
| 546 |
|
|
|a Res. angl.
|
| 648 |
|
7 |
|a 1945-1948
|2 SNKPH
|9 281391
|
| 650 |
0 |
7 |
|a medzinárodná politika
|2 SNKPH
|9 4293
|
| 650 |
0 |
7 |
|a International policy
|2 SNKPHeng
|9 336501
|
| 650 |
0 |
7 |
|a diplomatické vzťahy
|2 SNKPH
|9 3831
|
| 650 |
0 |
7 |
|a Diplomatic relations
|2 SNKPHeng
|9 267178
|
| 650 |
0 |
7 |
|a zahraničné vzťahy
|2 SNKPH
|9 3832
|
| 650 |
0 |
7 |
|a Foreign relations
|2 SNKPHeng
|9 315321
|
| 651 |
|
7 |
|a Československo
|2 SNKPH
|9 21376
|
| 651 |
|
7 |
|a Czechoslovakia
|2 SNKPHeng
|9 265183
|
| 651 |
|
7 |
|a Spojené štáty americké
|2 SNKPH
|9 18262
|
| 651 |
|
7 |
|a United States of America
|2 SNKPHeng
|9 268235
|
| 655 |
|
7 |
|a monografie
|2 SNKPH
|9 70139
|
| 655 |
|
7 |
|a Monographs
|2 SNKPHeng
|9 120675
|
| 852 |
|
|
|a Štátna vedecká knižnica v Banskej Bystrici
|
| 919 |
|
|
|a 978-83-7490-551-0
|
| 958 |
|
|
|a ZS
|
| 958 |
|
|
|a NB
|
| 958 |
|
|
|a CZ
|
| 958 |
|
|
|a SK
|
| 999 |
|
|
|c 752949
|d 754879
|
| 952 |
|
|
|a SNK
|b SNK
|y PREZ
|7 0
|p 17A1066628
|o snkSC 153852
|i snk2013/7682
|8 1
|0 0
|1 0
|4 0
|d 2013-04-04
|l 0
|r 2025-07-24 00:00:00
|w 2026-02-23
|
| 952 |
|
|
|a SNK
|b SNK
|y VYP
|7 0
|p 17A1066627
|o snkSC 153852 D1
|i snk2013/7683
|8 1
|0 0
|1 0
|4 0
|d 2013-04-04
|l 0
|r 2026-02-23 23:38:32
|w 2026-02-23
|